Score 0/20 Timer 07:00
0 Plays Today
Retail sales ($mil) Company % Correct
353,108Walmart
95.3%
73,226Target
83.9%
34,949Apple Stores
71.6%
61,619Amazon.com
66.3%
27,002Macy's
63.3%
35,837McDonald's
53.2%
79,297Home Depot
48%
58,443Albertsons
41%
22,129Sears
38.4%
83,545Costco
37.6%
Retail sales ($mil) Company % Correct
76,604Walgreens Boots Alliance
35%
22,781Aldi
33.8%
72,151CVS Health
30.9%
23,557TJX
27.3%
103,878Kroger
26%
57,486Lowe's
20.6%
26,350Ahold USA
19.8%
35,148Best Buy
19.1%
26,866Rite Aid
18.5%
32,633Publix
12.4%
Come Together.
Have Fun.
All Virtual.
We all need to come together. Play Sporcle's virtual live trivia to have fun, connect with people, and get your trivia on. Join a live hosted trivia game for your favorite pub trivia experience done virtually. If a virtual private party is more your thing, go here for details.

You're not logged in!

Compare scores with friends on all Sporcle quizzes.
OR
Log In

Sporcle TV

Today on Sporcle TV


Watch our educational content, quiz creation guides, and fun videos on Sporcle TV.

Show Comments

Extras

Top Quizzes Today


Score Distribution

Paid Content

Your Account Isn't Verified!

In order to create a playlist on Sporcle, you need to verify the email address you used during registration. Go to your Sporcle Settings to finish the process.

Report this User

Report this user for behavior that violates our Community Guidelines.

Details: